Ergonomía y estrés térmico: Método de cálculo para estimar la carga de trabajo en trabajadores expuestos a condiciones térmicas extremas (Record no. 95749)

MARC details
000 -LEADER
campo de control de longitud fija 00573nmm a2200157Ia 4500
008 - DATOS DE LONGITUD FIJA--INFORMACIÓN GENERAL
campo de control de longitud fija 251105s9999||||xx |||||||||||||||||und||
020 ## - NÚMERO INTERNACIONAL ESTÁNDAR DEL LIBRO
Número Internacional Estándar del Libro 9789587383362
041 ## - CÓDIGO DE IDIOMA
Código de lengua del texto/banda sonora o título independiente spa
100 ## - ENTRADA PRINCIPAL--NOMBRE DE PERSONA
Nombre de persona Castillo Martínez, Juan Alberto
245 #0 - MENCIÓN DEL TÍTULO
Título Ergonomía y estrés térmico: Método de cálculo para estimar la carga de trabajo en trabajadores expuestos a condiciones térmicas extremas
264 ## - PRODUCCIÓN, PUBLICACIÓN, DISTRIBUCIÓN, FABRICACIÓN Y COPYRIGHT
Producción, publicación, distribución, fabricación y copyright [Bogotá, Colombia] :
Nombre del de productor, editor, distribuidor, fabricante Universidad del Rosario,
Fecha de producción, publicación, distribución, fabricación o copyright 2013
300 ## - DESCRIPCIÓN FÍSICA
Extensión 112 páginas
650 ## - PUNTO DE ACCESO ADICIONAL DE MATERIA--TÉRMINO DE MATERIA
Término de materia o nombre geográfico como elemento de entrada Medicine
856 ## - LOCALIZACIÓN Y ACCESO ELECTRÓNICOS
Identificador Uniforme de Recursos <a href="https://public.digitaliapublishing.com/a/60946">https://public.digitaliapublishing.com/a/60946</a>
942 ## - ELEMENTOS DE ENTRADA SECUNDARIOS (KOHA)
Tipo de ítem Koha Libro Digital

No items available.

Powered by Koha